Responses for Show #2738 - Wednesday, June 26, 1996

Contestants

[<< previous game]

Barbara Egseth, a secretary from Honolulu, Hawaii

Mark Leder, an attorney from Manchester, Connecticut

Don Sloan, a composer and music professor from Wadsworth, Ohio (whose 1-day cash winnings total $12,000)

[next game >>]

Jeopardy! Round responses

THE ENVIRONMENT
THE OLD TESTAMENT
ANIMAL VERBS
INTERNATIONAL FOOD & DRINK
THE MOVIES
COUNTIES BY STATE
(Alex: We'll give you the counties; you tell us the state.)
    $100 25
tuna fishing

Mark
    $100 1
Jericho

Mark
    $100 2
snake

Triple Stumper
    $100 16
Budapest

Barbara
    $100 3
Casper

Mark
    $100 8
Florida

Don
    $200 27
coal

Triple Stumper
    $200 4
milk & honey

Mark
    $200 5
to outfox

Mark
    $200 17
tea

Barbara
    $200 6
(Eddie) Murphy

Barbara
    $200 9
Virginia

Don
    $300 28
wetlands

Don
    $300 15
(Mark: What is Exodus?)

Numbers

DonMark
    $300 7
to dog (hound)

Don
    $300 18
almonds

Mark
    $300 14
Get Shorty

Mark
    $300 10
Alabama

Barbara
    $400 29
(Mark: What are jungles?)

rainforests

Mark
Triple Stumper
    $400 23
Joseph

Don
    $400 13
monkey

Mark
    $400 19
rice

Mark
    $400 20
Field of Dreams

Don
    $400 11
New Jersey

Don
    $500 30
the spotted owl

Don
    $800 24
Judges

Don
    $500 26
to badger

Don
    $500 22
(Mark: What is Sicily?)

Sardinia

DonMark
    $500 21
The Russians Are Coming, the Russians Are Coming

Barbara
    $500 12
North Carolina

Barbara

Scores at the first commercial break (after clue 15):

Don Mark Barbara
$1,300 $1,000 $1,000

Scores at the end of the Jeopardy! Round:

Don Mark Barbara
$4,700 $900 $1,800

Double Jeopardy! Round responses

FICTIONAL SMITHS & JONESES
PHYSICS
DECORATIVE ARTS
PRESIDENTS
IRA GERSHWIN LYRICS
POT LUCK
    $200 1
Stephen King

Triple Stumper
    $200 15
Relativity

Mark
    $200 14
Art Deco

Don
    $200 3
Lyndon Johnson

Mark
    $200 4
(Barbara: What is London?)
[Alex says nothing]
(Barbara: What is London?)
(Alex: Be more specific; we're going for the lyric.)
[Time runs out before Barbara says anything]

London Town

MarkBarbara
    $200 23
Julius Caesar

Barbara
    $400 2
Carson McCullers

Mark
    $400 17
Marie Curie

Barbara
    $400 16
(Mark: What is a silversmith?)

a goldsmith

DonMark
    $400 10
John Quincy Adams

Don
    $400 5
Christopher Columbus

Mark
    $400 24
(Alex: We have about a minute left.)

Florence

Barbara
    $600 6
Faulkner

Don
    $600 19
mercury

Barbara
    $600 18
lace

Don
    $600 11
Madison

Don
    $600 7
here to stay

Don
    $600 25
Carl Sagan

Don
    $800 28
White Fang

Barbara
    $800 21
fission

Don
    $800 20
Delft

Don
    $800 12
Hoover

Barbara
    $800 8
take that away from me

Don
    $800 26
Jenner

Don
    $1000 30
(Herman) Melville

Barbara
    $1,500 22
plasma

Don
    $1000 29
a Toby Jug

Mark
    $1,000 13
(Alex: He was a big fighter.)

Andrew Jackson

Barbara
    $1000 9
got away

Don
    $1000 27
a cage

Mark

Scores at the end of the Double Jeopardy! Round:

Don Mark Barbara
$14,400 $3,900 $6,800
(lock game)

[wagering suggestions for these scores]

Final Jeopardy! Round responses

ISLANDS
(Alex: [Before the responses are shown] Well, either something has been eating away at it, it's been sinking, or something bad happened.)
...
(Alex: [To Mark] East of Java, which is not where it's located, despite what the movie says.)
MarkWhat is Krakatoa?
$3,900
BarbaraWhat is Ellis Island
$6,700
DonWhat is Krakatoa?
$600
Krakatoa

Final scores:

Don Mark Barbara
$15,000 $7,800 $100
2-day champion: $27,000 2nd place: trip to 1996 Olympics in Atlanta + John Williams CD Summon the Heroes 3rd place: 1996 international flag collector's pin set by Ho Ho Art + John Williams CD Summon the Heroes

Game dynamics:

Coryat scores:

Don Mark Barbara
$13,600 $3,900 $6,800
26 R
(including 2 DDs),
0 W
16 R,
4 W
14 R
(including 1 DD),
1 W

Combined Coryat: $24,300

[game clues] [game scores] [suggest correction]

Game tape date: 1996-02-13
The J! Archive is created by fans, for fans. Scraping, republication, monetization, and malicious use prohibited; this site may use cookies and collect identifying information. See terms. The Jeopardy! game show and all elements thereof, including but not limited to copyright and trademark thereto, are the property of Jeopardy Productions, Inc. and are protected under law. This website is not affiliated with, sponsored by, or operated by Jeopardy Productions, Inc. Join the discussion at JBoard.tv.